LEADER 01024nam a2200241 i 4500 001 000000159428 003 CaOOAMICUS 005 20070315000000.0 008 070315s2004 it u000 u ita u 013 $a136791 040 $aSeMil$bita 100 1 $aDe Seta, Cesare,$d<1941- >.$0(OLS)http://semarc/name/19477 245 13$aIl Colosseo :$bun simbolo della coscienza europea /$cCesare De Seta. 250 $aEd. fuori commercio per Capitalia, Gruppo Bancario. 260 $aRoma :$bCosmopoli,$cCopyr. 2004 (2. ed. 2005) 300 $a269 p. :$briccamente ill. ;$c31x31 cm. 500 $aIn custodia. - Contiene : Aggiornamento bibliografico. - Dono del Card. Dionigi Tettamanzi. 850 $aSeMil 852 $aSeMil$W1$xVenegono$y1$m5S XI 7$j110985$B110985$CSeMilBibl$Z2$F122007 $81 941 1 $a5 961 $aOmaggio: Tettamanzi Card. Dionigi 996 $6245$aIl Colosseo :$bun simbolo della coscienza europea$9(OLS)http://semarc/title/141434 996 $6260$aRoma :$bCosmopoli$9(OLS)http://semarc/publisher/44188 LEADER 01231nam a2200301 4500 001 000000364922 003 CaOOAMICUS 005 20251118112742.0 008 251031s1995 it 000 u ita r 020 $a88-7094-191-4 040 $aSeMil$bita 100 1 $aPizzorni, Reginaldo M.,$c.$0(OLS)http://semarc/name/17665 245 10$aGiustizia e carità /$cReginaldo Pizzorini. 264 1$aBologna :$bESD, Edizioni Studio Domenicano,$c1995. 300 $a682 p. ;$c21 cm 490 1 $aCivis ;$v10 650 4$aGiustizia - Concezione cristiana.$0(OLS)http://semarc/subject/3574 650 4$aGiustizia ed etica sociale.$0(OLS)http://semarc/subject/58614 830 0$aCivis ;$v10.$0(OLS)http://semarc/title/8946 850 $aSeMil 852 $aSeMil$W1$xVenegono$y1$m2G III 53$j264550$B255760$CSeMilBibl$Z2$F255760 $81 900 1 $aPizzorni, Reginaldo. 961 $aBuzzi mons. Franco - Omaggio 996 $6020$a88-7094-191-4$9(OLS)http://semarc/number/304457 996 $6245$aGiustizia e carità$9(OLS)http://semarc/title/92478 996 $6264$aBologna :$bESD, Edizioni Studio Domenicano$9(OLS)http://semarc/publisher/31496 LEADER 00949nam a2200229 4500 001 000000343202 003 CaOOAMICUS 005 20211115121109.0 008 201201s1999 it bo 001 u ita r 040 $aSeMil$bita 245 00$aStoria della parrocchia di Seguro /$ca cura di Matteo Mattarozzi e Paolo Morlacchi. 264 1$a[S.l. :$bs.n.],$cs.d.$e(Seguro :$fMat - Mar Grafic) 300 $a107 p. :$bill. ;$c30 cm 550 $aCARIPLO 650 4$aSettimo Milanese - Seguro.$0(OLS)http://semarc/subject/51220 700 1 $aMattarozzi, Matteo.$0(OLS)http://semarc/name/112556 700 1 $aMorlacchi, Paolo.$0(OLS)http://semarc/name/112557 850 $aSeMil 852 $aSeMil$W1$xVenegono$y1$m3P V 501$j223056$B234190$CSeMilBibl$Z2$F234190 $81 996 $6245$aStoria della parrocchia di Seguro$9(OLS)http://semarc/title/432181 996 $6264$a[S.l. :$bs.n.]$9(OLS)http://semarc/publisher/29751 LEADER 01172nam a2200277 i 4500 001 000000117291 003 CaOOAMICUS 005 20030731000000.0 008 030731s2003 it u000 u ita u 013 $a89980 020 $a88-311-0135-8 040 $aSeMil$bita 245 13$aLa felicità secondo i filosofi /$cMaurizio Schoepflin (ed.) ; testi di Aristippo ... [et al.]. 260 $aRoma :$bCittà Nuova,$c2003. 300 $a176 p. ;$c19 cm. 490 0 $aIdee. Filosofia. Nuova serie ;$v135 650 4$aFelicità.$0(OLS)http://semarc/subject/7166 700 1 $aAristippus .$0(OLS)http://semarc/name/48956 700 1 $aSchoepflin, Maurizio.$0(OLS)http://semarc/name/34030 830 0$aIdee. Filosofia. Nuova serie ;$v135.$0(OLS)http://semarc/title/5903 850 $aSeMil 852 $aSeMil$W1$xVenegono$y1$m2Q II 370$j72681$B72681$CSeMilBibl$Z2$F76142 $81 961 $aSottoscrizione: Città Nuova (Agente) 996 $6020$a88-311-0135-8$9(OLS)http://semarc/number/101641 996 $6245$aLa felicità secondo i filosofi$9(OLS)http://semarc/title/172177 996 $6260$aRoma :$bCittà Nuova$9(OLS)http://semarc/publisher/29609 LEADER 01340nam a2200241 i 4500 001 000000090806 003 CaOOAMICUS 005 20240426141231.0 008 151124s1920 it u000 u ita u 013 $a63048 040 $aSeMil$bita 245 10$aScritti varii di letteratura ecclesiastica dedicati al rev.mo abate Ambrogio Amelli O.S.B. cassinese in occasione del cinquantesimo anniversario della sua ordinazione sacerdotale, 1870-20 settembre-1920. 260 $a[Montecassino] :$bBadia di Montecassino,$c1920. 300 $aVIII, 118 p., [1] c. di tav. :$britr. ;$c33 cm. 500 $aIn testa al front.: Miscellanea Amelli 600 14$aAmelli, Ambrogio Maria .$0(OLS)http://semarc/subject/16596 700 1 $aAmelli, Ambrogio M.,$d<1848-1933>,$ededicatario.$0(OLS)http://semarc/name/15119 773 0 $t[A. Amelli.$w()32845 850 $aSeMil 852 $aSeMil$W1$xVenegono$y1$m3G VII 6/1 FA$j53773$B53773$CSeMilBibl$Z2$F58407 $8I 996 $6245$aScritti varii di letteratura ecclesiastica dedicati al rev.mo abate Ambrogio Amelli O.S.B. cassinese in occasione del cinquantesimo anniversario della sua ordinazione sacerdotale, 1870-20 settembre-1920$9(OLS)http://semarc/title/136830 996 $6260$a[Montecassino] :$bBadia di Montecassino$9(OLS)http://semarc/publisher/35112